[Event "Otocec Krka Terme op"]
[Site "Otocec"]
[Date "2017.11.04"]
[Round "6"]
[White "Bajt, Ales"]
[Black "Rudman, Rok"]
[Result "1-0"]
[WhiteElo "1405"]
[BlackElo "1179"]
[PlyCount "67"]
[EventDate "2017.11.02"]
[EventType "swiss"]
[EventRounds "9"]
[EventCountry "SLO"]
[SourceTitle "EXT 2019"]
[Source "ChessBase"]
[SourceDate "2018.10.10"]
[SourceVersion "1"]
[SourceVersionDate "2018.10.10"]
[SourceQuality "1"]

1. e4 e5 2. Nf3 Nc6 3. Bc4 Bc5 4. 0-0 Nf6 5. d3 h6 6. Be3 Bb6 7. a4 d6 8. h3 0-0 9. Nc3 Nd4 10. a5 Bc5 11. Na4 Nxf3+ 12. Qxf3 Bb4 13. Nc3 c6 14. Ne2 Kh7 15. c3 Bxa5 16. b4 Bb6 17. d4 Be6 18. Bd3 Kh8 19. g4 d5 20. Rad1 dxe4 21. Bxe4 exd4 22. Nxd4 Bd5 23. Bxd5 Nxd5 24. Nf5 Qc7 25. Bc1 Rae8 26. Bb2 Kh7 27. c4 Nf6 28. c5 Bxc5 29. bxc5 b6 30. Bxf6 gxf6 31. Rd6 Re6 32. Qf4 Rxd6 33. Qxh6+ Kg8 34. Qg7# 1-0

[Event "Nova Gorica op 22nd"]
[Site "Nova Gorica"]
[Date "2017.01.28"]
[Round "3"]
[White "Gregoric, Andraz"]
[Black "Bajt, Ales"]
[Result "1-0"]
[WhiteElo "1648"]
[BlackElo "1405"]
[PlyCount "83"]
[EventDate "2017.01.27"]
[EventType "swiss"]
[EventRounds "9"]
[EventCountry "SLO"]
[SourceTitle "CBM 176 Extra"]
[Source "ChessBase"]
[SourceDate "2017.03.02"]
[SourceVersion "1"]
[SourceVersionDate "2017.03.02"]
[SourceQuality "1"]

1. e4 e5 2. Nf3 Nc6 3. d4 exd4 4. Bc4 h6 5. 0-0 Bc5 6. c3 Qf6 7. e5 Qf5 8. cxd4 Bb4 9. Nc3 Nge7 10. Ne2 d5 11. Bd3 Qd7 12. Bd2 0-0 13. Bb1 Bxd2 14. Qxd2 Qd8 15. Ng3 Be6 16. Qd3 g6 17. Nh5 Bf5 18. Nf6+ Kg7 19. Qe3 Bxb1 20. Raxb1 Ng8 21. Nxg8 Rxg8 22. Rbe1 Qd7 23. Qf4 Qe6 24. Rd1 g5 25. Qg3 Kh7 26. h3 Rg6 27. Kh2 Rag8 28. Rh1 h5 29. Rdg1 Ne7 30. Ne1 g4 31. Qd3 Nf5 32. hxg4 Rxg4 33. Nf3 Kh8 34. g3 Qg6 35. Qf1 Nxg3 36. fxg3 Rxg3 37. Qf2 Rg4 38. Rxg4 Qxg4 39. Nh4 Qe4 40. Qf6+ Rg7 41. Rg1 Qh7 42. Nf5 1-0

[Event "Nova Gorica op 22nd"]
[Site "Nova Gorica"]
[Date "2017.01.27"]
[Round "1"]
[White "Stevanic, David"]
[Black "Bajt, Ales"]
[Result "1-0"]
[WhiteElo "2013"]
[BlackElo "1405"]
[PlyCount "65"]
[EventDate "2017.01.27"]
[EventType "swiss"]
[EventRounds "9"]
[EventCountry "SLO"]
[SourceTitle "CBM 176 Extra"]
[Source "ChessBase"]
[SourceDate "2017.03.02"]
[SourceVersion "1"]
[SourceVersionDate "2017.03.02"]
[SourceQuality "1"]

1. e4 e5 2. Nf3 Nc6 3. Bc4 Bc5 4. c3 Nf6 5. d4 exd4 6. cxd4 Bb4+ 7. Nc3 d5 8. exd5 Nxd5 9. 0-0 Bxc3 10. bxc3 0-0 11. Ba3 Re8 12. Qc2 Bg4 13. Nd2 Be2 14. Rfe1 Bxc4 15. Nxc4 Qg5 16. Qd3 Nf4 17. Qf3 Re6 18. Rxe6 Nxe6 19. d5 Ned4 20. cxd4 Nxd4 21. Qe4 Nb5 22. Re1 h6 23. h4 Qh5 24. Bb2 Rd8 25. a4 Nd6 26. Nxd6 Rxd6 27. Be5 Rg6 28. Bxc7 Rg4 29. Qd3 f5 30. g3 Rxa4 31. d6 Re4 32. Qd5+ Qf7 33. Qxf7+ 1-0

[Event "Otocec Krka Terme op"]
[Site "Otocec"]
[Date "2016.10.23"]
[Round "4"]
[White "Bajt, Ales"]
[Black "Rozman, Roman"]
[Result "0-1"]
[WhiteElo "1403"]
[BlackElo "1469"]
[PlyCount "94"]
[EventDate "2016.10.21"]
[EventType "swiss"]
[EventRounds "5"]
[EventCountry "SLO"]
[SourceTitle "EXT 2019"]
[Source "ChessBase"]
[SourceDate "2018.10.10"]
[SourceVersion "1"]
[SourceVersionDate "2018.10.10"]
[SourceQuality "1"]

1. e4 e6 2. Nc3 b6 3. d4 Bb7 4. Bd3 Bb4 5. Nge2 Ne7 6. 0-0 c5 7. a3 cxd4 8. axb4 dxc3 9. bxc3 d5 10. e5 Nd7 11. f4 Ng6 12. Nd4 a6 13. Qe2 b5 14. Bd2 Qc7 15. Ra3 Ne7 16. Rfa1 0-0 17. Qh5 g6 18. Qh4 Nf5 19. Bxf5 exf5 20. e6 fxe6 21. Nxe6 Qb6+ 22. Nd4 Rae8 23. Kh1 Qc7 24. Re1 Qd6 25. Re3 Nf6 26. Ra1 Ne4 27. Rh3 Rf7 28. Nf3 Qc7 29. Ng5 Nxd2 30. Nxf7 Qxf7 31. Re1 Ne4 32. Ree3 h5 33. Qe1 Qf6 34. Qe2 Rd8 35. Kg1 d4 36. Rd3 dxc3 37. Qd1 Bd5 38. Rxh5 gxh5 39. Qxh5 Qg7 40. Qh4 Rf8 41. Re3 Kf7 42. g3 Qd4 43. Qh7+ Ke8 44. Qh5+ Ke7 45. Qe2 Qd2 46. Kf1 Qxe2+ 47. Kxe2 Rh8 0-1

[Event "Otocec Krka Terme op"]
[Site "Otocec"]
[Date "2015.11.22"]
[Round "4"]
[White "Roncevic, Lovro"]
[Black "Bajt, Ales"]
[Result "0-1"]
[WhiteElo "1089"]
[BlackElo "1295"]
[PlyCount "44"]
[EventDate "2015.11.20"]
[EventType "swiss"]
[EventRounds "5"]
[EventCountry "SLO"]
[SourceTitle "EXT 2019"]
[Source "ChessBase"]
[SourceDate "2018.10.10"]
[SourceVersion "1"]
[SourceVersionDate "2018.10.10"]
[SourceQuality "1"]

1. e4 e5 2. Nf3 Nc6 3. Nc3 Bb4 4. Bb5 d6 5. d3 Bd7 6. Bd2 a6 7. Bxc6 Bxc6 8. a3 Bc5 9. Be3 Ba7 10. Bxa7 Rxa7 11. 0-0 Ne7 12. Qe2 0-0 13. Qe3 Ra8 14. Qg5 f5 15. exf5 Rxf5 16. Qe3 Bxf3 17. gxf3 Ng6 18. Kh1 Qh4 19. Rg1 Rh5 20. Rg2 Nf4 21. Kg1 Nxg2 22. Kxg2 Qh3+ 0-1

[Event "Otocec Krka Terme op"]
[Site "Otocec"]
[Date "2015.11.21"]
[Round "2"]
[White "Petkovic, Ana Marija"]
[Black "Bajt, Ales"]
[Result "1-0"]
[WhiteElo "1258"]
[BlackElo "1295"]
[PlyCount "115"]
[EventDate "2015.11.20"]
[EventType "swiss"]
[EventRounds "5"]
[EventCountry "SLO"]
[SourceTitle "EXT 2019"]
[Source "ChessBase"]
[SourceDate "2018.10.10"]
[SourceVersion "1"]
[SourceVersionDate "2018.10.10"]
[SourceQuality "1"]

1. e4 e5 2. Nf3 Nf6 3. Nxe5 Qe7 4. Nf3 Qxe4+ 5. Qe2 Bc5 6. d3 Qe6 7. Be3 Bb6 8. Nc3 0-0 9. Bxb6 axb6 10. Qxe6 fxe6 11. 0-0-0 Ng4 12. Rd2 Nc6 13. h3 Nf6 14. a3 d6 15. d4 Na5 16. Bd3 Bd7 17. Re1 h6 18. Re3 c5 19. dxc5 bxc5 20. b4 cxb4 21. axb4 Nc6 22. Bb5 d5 23. Bxc6 bxc6 24. Ne5 Rfe8 25. Rde2 d4 26. Ne4 dxe3 27. Nxf6+ gxf6 28. Nxd7 Re7 29. Nxf6+ Kf7 30. Ne4 exf2 31. Rxf2+ Kg7 32. Re2 Rb7 33. c3 Ra1+ 34. Kb2 Rba7 35. Kb3 Rg1 36. Nc5 Kf7 37. Rf2+ Ke7 38. Re2 Kf7 39. Rf2+ Kg8 40. Nxe6 Re7 41. Nd4 Rc7 42. Kc4 Re1 43. Rf6 Kg7 44. Re6 Rg1 45. Re2 Rf1 46. Ne6+ Kf6 47. Nxc7 Rf4+ 48. Kc5 Rf5+ 49. Kxc6 Rg5 50. b5 Rg3 51. Nd5+ Kf5 52. b6 Rg6+ 53. Kb7 Rd6 54. Nc7 Rd3 55. Kc8 Rxc3 56. b7 Rg3 57. b8Q Rg8+ 58. Ne8 1-0

[Event "Ljubljana op 2nd"]
[Site "Ljubljana"]
[Date "2014.05.08"]
[Round "5"]
[White "Bajt, Ales"]
[Black "Bajt, Hana"]
[Result "0-1"]
[WhiteElo "1292"]
[BlackElo "1396"]
[PlyCount "50"]
[EventDate "2014.04.02"]
[EventType "swiss"]
[EventRounds "9"]
[EventCountry "SLO"]
[SourceTitle "EXT 2023"]
[Source "ChessBase"]
[SourceDate "2022.10.05"]
[SourceVersion "1"]
[SourceVersionDate "2022.10.05"]
[SourceQuality "1"]

1. Nf3 Nc6 2. b3 e5 3. e4 Nf6 4. Nc3 Bc5 5. h3 d6 6. Bb5 0-0 7. Bb2 Nd4 8. 0-0 a6 9. Be2 b5 10. a3 Bb7 11. b4 Bb6 12. d3 a5 13. Rb1 axb4 14. axb4 Qd7 15. Re1 h6 16. Nh2 Nxe2+ 17. Qxe2 Nh7 18. Qg4 f5 19. Qg3 fxe4 20. Nxe4 Bxe4 21. Rxe4 Bxf2+ 22. Qxf2 Rxf2 23. Kxf2 Ng5 24. Re3 Rf8+ 25. Ke2 Qc6 0-1

[Event "Ljubljana Winter op"]
[Site "Ljubljana"]
[Date "2014.03.26"]
[Round "9"]
[White "Tisler, Janez"]
[Black "Bajt, Ales"]
[Result "1/2-1/2"]
[WhiteElo "1589"]
[BlackElo "1292"]
[PlyCount "72"]
[EventDate "2014.01.08"]
[EventType "swiss"]
[EventRounds "9"]
[EventCountry "SLO"]
[SourceTitle "EXT 2023"]
[Source "ChessBase"]
[SourceDate "2022.10.05"]
[SourceVersion "1"]
[SourceVersionDate "2022.10.05"]
[SourceQuality "1"]

1. Nf3 Nf6 2. g3 b6 3. Bg2 Bb7 4. c4 e5 5. 0-0 d6 6. d3 h6 7. Nc3 Be7 8. b4 0-0 9. b5 Re8 10. e4 a6 11. Nh4 Bc8 12. f4 Nbd7 13. Nf5 Bf8 14. Bb2 Rb8 15. a4 a5 16. d4 Bb7 17. d5 Bc8 18. Ba3 g6 19. Ne3 Nc5 20. Bxc5 bxc5 21. f5 g5 22. g4 Bg7 23. Qe1 Ra8 24. Ne2 Bd7 25. h4 Kf8 26. Bf3 Nh7 27. h5 Ra7 28. Nc1 Qe7 29. Nb3 Rea8 30. Kg2 Nf6 31. Kg3 Be8 32. Nc2 Nd7 33. Qf2 f6 34. Ne1 Bf7 35. Nd3 Nb6 36. Rfc1 Qe8 1/2-1/2

[Event "Ljubljana Winter op"]
[Site "Ljubljana"]
[Date "2014.01.22"]
[Round "3"]
[White "Bajt, Ales"]
[Black "Malkoc, Patrik"]
[Result "1-0"]
[WhiteElo "1292"]
[BlackElo "1192"]
[PlyCount "95"]
[EventDate "2014.01.08"]
[EventType "swiss"]
[EventRounds "9"]
[EventCountry "SLO"]
[SourceTitle "EXT 2023"]
[Source "ChessBase"]
[SourceDate "2022.10.05"]
[SourceVersion "1"]
[SourceVersionDate "2022.10.05"]
[SourceQuality "1"]

1. c4 e5 2. Nc3 Bb4 3. e4 Nf6 4. d3 Bxc3+ 5. bxc3 h6 6. Nf3 Nc6 7. Ba3 d6 8. g3 0-0 9. Bg2 Bg4 10. h3 Bh5 11. Rb1 Rb8 12. Qa4 Nd7 13. 0-0 Qf6 14. g4 Nb6 15. Qc2 Bg6 16. c5 dxc5 17. Bxc5 Rfe8 18. Be3 h5 19. g5 Qd6 20. Qe2 Red8 21. Rbd1 Na4 22. Qc2 Qa3 23. Rb1 b5 24. Rb3 Qd6 25. Ne1 Na5 26. Rb4 c5 27. Rb1 a6 28. f4 f6 29. f5 Be8 30. g6 Rbc8 31. Rf2 c4 32. d4 exd4 33. Bxd4 Qa3 34. Qe2 Nxc3 35. Qxh5 Nxb1 36. Qh7+ Kf8 37. Qh8+ Ke7 38. Qxg7+ Kd6 39. Qxf6+ Kc7 40. Bb6+ Kb8 41. Bxd8 Qb4 42. Qb6+ Nb7 43. e5 Bc6 44. Bxc6 Rxc6 45. Qxc6 Nxd8 46. Qd6+ Qxd6 47. exd6 Nc6 48. g7 1-0